000 00491nam a2200181Ia 4500
999 _c80072
_d80072
001 69565
005 20220113154111.0
008 151205s9999||||xx |||||||||||||| ||und||
020 _aNA
040 _cPK-LaUMT
082 _a346.00264
_bUNC-
100 _aNadeem Zafar Chaudhary
245 _aUnclassified cases [Vol. XXXV, 2014, Federal Government]
_cNadeem Zafar Chaudhary
260 _aLahore,Pakistan:
_bNational Law Reporter,
_c2014
501 _a792 p
546 _aEN
942 _cLPJ